| 000 | 00982nam a2200361 a 4500 | ||
|---|---|---|---|
| 003 | AR-BaBNM | ||
| 005 | 20251128204233.0 | ||
| 008 | 082120s2002 ||||||||||||||000 | spa|| | ||
| 020 | _a84-206-8097-4 | ||
| 040 | _cAR-BaBNM | ||
| 100 | 1 | _aFernández Fúster, Luis | |
| 245 | 0 | 0 | _aIntroducción a la teoría y técnica del turismo |
| 260 |
_aMadrid _bAlianza Editorial _c1991 |
||
| 300 |
_a974 p. _bil., tablas |
||
| 490 | 0 |
_aAlianza Universidad Textos _vv. 97 |
|
| 650 | 4 | _aTURISMO | |
| 650 | 4 | _aACTIVIDADES DE TIEMPO LIBRE | |
| 650 | 4 | _aINDUSTRIA TURISTICA | |
| 650 | 4 | _aINDUSTRIA HOTELERA | |
| 650 | 4 | _aEMPRESAS TURISTICAS | |
| 650 | 4 | _aTRANSPORTE AEREO | |
| 650 | 4 | _aTRANSPORTE TERRESTRE | |
| 650 | 4 | _aTRANSPORTE MARITIMO | |
| 650 | 4 | _aREDES FERROVIARIAS | |
| 650 | 4 | _aSEGUROS | |
| 650 | 4 | _aHOTELES | |
| 650 | 4 | _aPROPAGANDA | |
| 650 | 4 | _aSIGLO DIECINUEVE | |
| 650 | 4 | _aSIGLO VEINTE | |
| 653 | _aPOLITICA TURISTICA | ||
| 942 | _cBK | ||
| 998 | _cCarmen | ||
| 999 |
_c6658 _d6658 |
||